Walking Border Blitz Quiz Stats

Quiz Updated Jul 13, 2016

Challenge
Share
Tweet
Embed
Score 0/160 Timer 05:00
18 Plays Today
Country % Correct
France
99%
Russia
98.4%
China
98.3%
Poland
98.1%
Germany
98.1%
Brazil
98%
Switzerland
98%
Spain
97.8%
North Korea
97.8%
Kazakhstan
97.8%
Afghanistan
97.7%
Mongolia
97.7%
Pakistan
97.6%
Azerbaijan
97.6%
Ukraine
97.5%
India
97.4%
United Kingdom
97.4%
Norway
97.2%
Myanmar
97.1%
Belarus
97.1%
Finland
97.1%
United States of America
97.1%
Georgia
97%
Mexico
96.9%
Italy
96.9%
Lithuania
96.9%
Nepal
96.5%
Belgium
96.5%
Bhutan
96.5%
Suriname
96.4%
Latvia
96.3%
Laos
96.3%
Netherlands
96.2%
Bolivia
96.1%
Luxembourg
96%
Canada
95.9%
Estonia
95.9%
Argentina
95.9%
Colombia
95.8%
Vietnam
95.8%
Peru
95.8%
Tajikistan
95.6%
Turkey
95.6%
Sudan
95.5%
Austria
95.3%
Libya
95.1%
Iran
95%
Kyrgyzstan
95%
Paraguay
94.9%
Czechia
94.7%
Iraq
94.4%
Andorra
94.1%
Uruguay
94.2%
Denmark
93.7%
Country % Correct
Venezuela
93.6%
Slovenia
93.2%
Guyana
92.9%
Egypt
92.9%
Mozambique
92.4%
South Africa
92.4%
Chad
92.4%
Niger
92.4%
Syria
92.4%
Algeria
92.3%
Zimbabwe
92.1%
Armenia
92.1%
Namibia
91.9%
Bulgaria
91.7%
Jordan
91.6%
Saudi Arabia
91.5%
Botswana
91.2%
Hungary
91.2%
Morocco
91.1%
Greece
91.1%
Guatemala
90.9%
Israel
90.8%
Slovakia
90.7%
Chile
90.6%
Mali
90.6%
Central African Republic
90.2%
South Sudan
89.7%
Burkina Faso
89.6%
Sweden
89.6%
Turkmenistan
89.2%
Palestine
88.8%
Swaziland
88.6%
Macedonia
88.4%
Lesotho
88.4%
Ethiopia
88.3%
Bangladesh
87.7%
Cameroon
87.7%
Democratic Republic of the Congo
87%
Serbia
86.8%
Uganda
86.5%
Mauritania
86.3%
Belize
86.2%
Zambia
86.1%
Kenya
86%
Romania
85.8%
Kuwait
85.8%
Ireland
85.7%
Tanzania
85.4%
Albania
85%
Vatican City
84.7%
Portugal
84.6%
Cote D'Ivoire
84.5%
Monaco
84.2%
Panama
84.2%
Country % Correct
Malaysia
83.7%
Thailand
83.6%
Guinea
83.6%
San Marino
83.6%
Republic of the Congo
83.3%
Oman
82.6%
Benin
82.5%
Cambodia
82.4%
Croatia
82.4%
Somalia
82.2%
Costa Rica
82.2%
Nigeria
81.9%
Ecuador
81.1%
Montenegro
81.1%
Honduras
80.8%
Angola
80.7%
Cyprus
80.7%
United Arab Emirates
80.5%
Rwanda
80.4%
Eritrea
80.1%
Yemen
79.8%
Senegal
78.6%
Kosovo
77.7%
Burundi
77.6%
El Salvador
77.2%
Indonesia
77.1%
Uzbekistan
77.1%
Nicaragua
76.8%
Liechtenstein
76%
Tunisia
75.8%
Djibouti
75.5%
Lebanon
75%
Ghana
74.5%
South Korea
74.2%
Bosnia and Herzegovina
73.2%
Qatar
73.2%
Liberia
73%
Togo
72.7%
Bahrain
72.5%
Moldova
70.8%
Papua New Guinea
70.6%
Malawi
70.1%
Dominican Republic
69.4%
Haiti
69.4%
Timor Leste
67.5%
Sierra Leone
67%
Gabon
66.1%
Guinea Bissau
65.6%
Equatorial Guinea
63.3%
The Gambia
59.9%
Singapore
59.1%
Brunei
57.9%

You're not logged in!

Compare scores with friends on all Sporcle quizzes.
Sign Up with Email
OR
Log In

You Might Also Like...

Show Comments

Extras

Top Quizzes Today


Score Distribution

Your Account Isn't Verified!

In order to create a playlist on Sporcle, you need to verify the email address you used during registration. Go to your Sporcle Settings to finish the process.